TV Show & Character Match II Quiz Stats

 Plays Quiz Updated Dec 11, 2018

     
Support Sporcle.
Go Orange.
Score 0/42 Timer 05:00
0 Plays Today
% Correct
Sesame Street
96.7%
Friends
90.2%
Family Guy
88.6%
Happy Days
87.3%
The Simpsons
84.6%
The Big Bang Theory
82.4%
24
80.4%
Home Improvement
77.8%
I Love Lucy
76.4%
Seinfeld
73.7%
SpongeBob SquarePants
73.7%
Full House
73.4%
The Office
73.3%
Gilligan's Island
73.1%
M*A*S*H
73%
Two and a Half Men
71.1%
Cheers
70.4%
How I Met Your Mother
68.4%
30 Rock
65.3%
Sex and the City
62.6%
South Park
55.2%
% Correct
Breaking Bad
55.1%
Scrubs
48%
Glee
47.1%
Buffy the Vampire Slayer
46.9%
Modern Family
45%
Malcolm in the Middle
40.5%
King of the Hill
38.3%
Bones
38.1%
Star Trek: The Next Generation
37.3%
Desperate Housewives
36.9%
Mythbusters
35.4%
Mad Men
33.6%
The Walking Dead
32%
CSI: Crime Scene Investigation
30.6%
Ugly Betty
29.6%
The Sopranos
28.9%
Heroes
27.5%
True Blood
25.7%
Friday Night Lights
22.8%
90210
18%
Twin Peaks
11.9%

From the Vault

Fruits and Veggies By Varieties

by triviahappy

Remember kids, fruits and vegetables are an important part of a well balanced diet.
Remove Ads.
Support Sporcle.
Get the best of Sporcle when you Go Orange. This ad-free experience offers more features, more stats, and more fun while also helping to support Sporcle. Thank you for becoming a member.

Show Comments

Extras

Top Quizzes Today


Score Distribution

Your Account Isn't Verified!

In order to create a playlist on Sporcle, you need to verify the email address you used during registration. Go to your Sporcle Settings to finish the process.

Report this User

Report this user for behavior that violates our Community Guidelines.

Details: